The seven basic plots (Record no. 4628)

MARC details
000 -CABECERA
campo de control de longitud fija 01735nam a22002177a 4500
008 - DATOS DE LONGITUD FIJA--INFORMACIÓN GENERAL
campo de control de longitud fija 250407b |||||||| |||| 00| 0 eng d
020 ## - NÚMERO INTERNACIONAL ESTÁNDAR DEL LIBRO
Número Internacional Estándar del Libro 9781399415927
040 ## - FUENTE DE LA CATALOGACIÓN
Centro/agencia transcriptor tbs
041 ## - CÓDIGO DE LENGUA
Código de lengua del texto/banda sonora o título independiente eng
050 ## - SIGNATURA TOPOGRÁFICA DE LA BIBLIOTECA DEL CONGRESO
Número de clasificación PN3378.B66
Número de documento/Ítem 2004
100 ## - ENTRADA PRINCIPAL--NOMBRE DE PERSONA
Nombre de persona Booker, Christopher
9 (RLIN) 25121
Término indicativo de función/relación author
245 ## - MENCIÓN DE TÍTULO
Título The seven basic plots
Resto del título : why we tell stories
Mención de responsabilidad, etc. / Christopher Booker.
260 ## - PUBLICACIÓN, DISTRIBUCIÓN, ETC.
Lugar de publicación, distribución, etc. Dublin :
Nombre del editor, distribuidor, etc. Bloomsbury Continuum
Fecha de publicación, distribución, etc. 2004.
300 ## - DESCRIPCIÓN FÍSICA
Extensión x, 725 pages ;
Dimensiones 20 cm.
504 ## - NOTA DE BIBLIOGRAFÍA, ETC.
Nota de bibliografía, etc. Includes bibliographical references and index.
520 ## - SUMARIO, ETC.
Sumario, etc. This volume provides an analysis of stories' plot structures and their psychological meanings, attempting to distill all of storytelling down to a few archetypes. Drawing on a vast array of examples, from Proust to detective stories, from the Marquis de Sade to E.T., the author leads readers through the changes in the nature of storytelling over the past 200 years, and why so many stories have 'lost the plot' by losing touch with their underlying archetypal purpose. He analyzes why evolution has given us the need to tell stories and illustrates how storytelling has provided a uniquely revealing mirror to mankind's psychological development over the past 5000 years. This book provides an answer to the age-old riddle of whether there are only a small number of "basic stories" in the world. Using examples, from ancient myths and folk tales, via the plays and novels of great literature to the popular movies and TV soap operas of today, it shows that there are seven archetypal themes which recur throughout every kind of storytelling.
650 #0 - PUNTO DE ACCESO ADICIONAL DE MATERIA--TÉRMINO DE MATERIA
Término de materia o nombre geográfico como elemento de entrada Plots (Drama, novel, etc.)
9 (RLIN) 25122
650 #0 - PUNTO DE ACCESO ADICIONAL DE MATERIA--TÉRMINO DE MATERIA
Término de materia o nombre geográfico como elemento de entrada Literature
Subdivisión de forma Stories, plots, etc.
9 (RLIN) 25123
655 #0 - TÉRMINO DE INDIZACIÓN--GÉNERO/FORMA
Datos o término principal de género/forma Stories, plots, etc.
9 (RLIN) 25124
942 ## - ELEMENTOS DE ENTRADA AGREGADA (KOHA)
Fuente del sistema de clasificación o colocación Clasificación de Library of Congress
Holdings
Estado de retiro Estado de pérdida Fuente del sistema de clasificación o colocación Estado dañado No para préstamo Biblioteca de origen Biblioteca actual Fecha de adquisición Total de préstamos Signatura topográfica completa Código de barras Fecha visto por última vez Número de copia Precio válido a partir de Tipo de ítem Koha
    Clasificación de Library of Congress     TBS Barcelona TBS Barcelona 07/04/2025   PN3378.B66 BOO B05902 07/04/2025 1 07/04/2025 Book

Powered by Koha